| 000 | 00609nam a22001577a 4500 | ||
|---|---|---|---|
| 003 | OSt | ||
| 005 | 20150928164241.0 | ||
| 008 | 150928b xxu||||| |||| 00| 0 eng d | ||
| 040 | _cRUA | ||
| 082 | _aATM.Sp HEN 2003 B059 Or.1 | ||
| 100 |
_91507 _aHENG, VOREAK. |
||
| 245 | _aPreparation of seedling and bud wood nurseries at boeung ket rubber plantation, វិធីបង្កើតថ្នាលបណ្ដុះកូន និងច្បារពូជ នៅចំការកៅស៊ូបឹងកេត | ||
| 260 |
_aPhnom Penh _bRUA _c2003 |
||
| 300 |
_a45p. _bill. _c29cm. |
||
| 942 |
_2ddc _cATMSP |
||
| 999 |
_c1418 _d1418 |
||